| 000 | 00804 a2200193 4500 | ||
|---|---|---|---|
| 003 | NUST | ||
| 005 | 20251217162248.0 | ||
| 040 | _cNust | ||
| 082 | _a621.382,KHA | ||
| 100 |
_aKhalik, Sundas Nayab (TCC-22) _9132412 |
||
| 245 |
_aBuried cable perimeter intrusion detection system / _bSundas Nayab Khalil, Saman Irfan, Waledd Bin Saad and Mohsin Iftikhar TCC-22 |
||
| 260 |
_aRawalpindi _bMCS (NUST) _cJune 2014 |
||
| 300 | _a96 p.; | ||
| 505 | _aIntroduction (Page-1), Literature Review (Page-11), Human Intruder Detection Algorithm (Page-36), Continuous wave Frequency Modulated Ranging System (Page-42), Design and Development (Page-51), Conclusion (Page-67). | ||
| 650 |
_aUG Project _9131132 |
||
| 651 |
_aTCC-22 _9131223 |
||
| 700 |
_aSupervised by Dr. Ashraf Masood. _9132413 |
||
| 942 |
_cPR _2ddc |
||
| 999 |
_c212153 _d212153 |
||